| 000 | 00515nam a2200169 i 4500 | ||
|---|---|---|---|
| 001 | 72217 | ||
| 003 | ES-MaACL | ||
| 005 | 20230906171349.0 | ||
| 007 | t| | ||
| 008 | 040827s1965 sp ||||1| spa d | ||
| 100 | 1 |
_aGillet, E. _956967 |
|
| 245 | 1 | 0 |
_aManual de los usuarios de revestimientos en cromo duro / _cpor E. Gillet ; traducido por Juan Martín Bernal. |
| 260 |
_aBilbao : _bUrmo, _c1965. |
||
| 300 |
_a184 p. ; _c21 cm. |
||
| 700 | 1 |
_aMartín Bernal, Juan. _977417 |
|
| 852 |
_aES-MaACL _jC-28481 _bR.57697 |
||
| 999 |
_c72217 _d72217 |
||